| 000 | 02504nam a2200289 4500 | ||
|---|---|---|---|
| 001 | 114342 | ||
| 003 | DR-UNIBE | ||
| 005 | 20260129110517.0 | ||
| 008 | 260129b2013 dr ||||| |||| 00| 0 spa d | ||
| 020 | _a9789945165296 | ||
| 040 |
_aBIBLIOTECA UNIBE _cBIBLIOTECA UNIBE _bspa _erda |
||
| 041 | _aspa | ||
| 082 | _aRD 972.93053 R139d | ||
| 100 | 1 | 0 |
_aRaful Tejada, Tony, _d1951- _924120 _eautor |
| 245 | 1 | 3 |
_aDe Trujillo a Fernández Domínguez y Caamaño : _bel azar como categoría histórica (1930-1965) / _cTony Raful |
| 250 | _aPrimera edición | ||
| 260 |
_aSanto Domingo : _bEditora Búho, _c 2013 |
||
| 300 |
_a397 páginas : _bfotos b/n ; _c22 x15 cm |
||
| 500 | _aInformación del autor en las solapas, comentario de la obra en la contraportada | ||
| 505 | _aDedicatoria | Agradecimientos | Introito al método en el cisne negro | Notas preliminares de un ensayo plural | Capítulo I. Prolegómenos del poder absoluto y caída ética de una nación | Capítulo II. El estado del delincuente | Capítulo III. Trasiegos en busca de la aurora | Capítulo IV. El rechazo de Kennedy a golpe, nuevas tentativas | Capítulo V. Sangre en la cordillera | Capítulo VI. Magnicidio de Kennedy ayudó al triunvirato | Capítulo VII. Discípulos de Bosch multiplican la conspiración | Capítulo VIII. El destino asedia la historia | Capítulo IX. La ciudad en llamas | Capítulo X. Guerra civil, guerra patria | Capítulo XI. La fórmula Guzman en la hoguera de mayo | Capítulo XII. El misterio y la caída de Fernández Domínguez | Capítulo XIII. Caamaño invita a comunistas a romper el cerco| Capítulo XIV. La intervención militar norteamericana, el comunismo y el Che Guevara en Santo Domingo | Capítulo XV. La carta de Fidel de López Molina, quejándose de que Fidel no interviniera en la Guerra de Abril 1965 | Capítulo XVI. Caamaño | Capítulo XVII. ¿Realismo mágico o lo real maravilloso en el gobierno de Caamaño? | Capítulo XVIII. Lectura futura del pasado | Resumen y conclusiones | Citas | Documentos anexos | Bibliografía | ||
| 651 | 7 |
_2lemb _aRepública Dominicana _xHistoria _xEra de Trujillo 1930-1961 _9193440 |
|
| 651 | 7 |
_2lemb _aRepública Dominicana _xHistoria _xRevolución de abril 165 _9201910 |
|
| 651 | 7 |
_2lemb _aRepública Dominicana _xHistoria _xMovimiento 14 de junio 1959 _9201911 |
|
| 651 | 7 |
_2lemb _aRepública Dominicana _xHistoria _y1930-1965 _9201912 |
|
| 700 | 1 | 0 |
_aDeschamps, Alexandra _956287 _ediagramador _ecubierta |
| 942 |
_2ddc _cBK |
||
| 999 |
_c114342 _d114342 |
||